000 00305 a2200133 4500
001 89200
082 _a823.914 FOR
090 _c42150
_d42150
100 _aForsyth Frederick
245 _aCobra
_bnovel
260 _aGB
_bCorgi books
_c2010
300 _a396 p.
_bPb
650 _aenglish novel;fiction
942 _aCAE NUST
_k823.914 FOR
999 _c324273
_d324273